[Event "NOR-ch Class2"]
[Site "Oslo"]
[Date "2015.07.11"]
[Round "9"]
[White "Lange, Holger"]
[Black "Christensen, Oddbjorn"]
[Result "1/2-1/2"]
[WhiteElo "1596"]
[BlackElo "1643"]
[PlyCount "78"]
[EventDate "2015.07.04"]
[EventType "swiss"]
[EventRounds "9"]
[EventCountry "NOR"]
[SourceTitle "EXT 2017"]
[Source "ChessBase"]
[SourceDate "2016.10.25"]
[SourceVersion "1"]
[SourceVersionDate "2016.10.25"]
[SourceQuality "1"]

1. e4 c6 2. d4 d5 3. exd5 cxd5 4. Bd3 Nc6 5. Nf3 Bg4 6. c3 e6 7. 0-0 Bd6 8. Be3 Qc7 9. h3 Bh5 10. Nbd2 Nf6 11. Qb3 0-0 12. Rac1 Na5 13. Qa4 a6 14. Bg5 b5 15. Qc2 Bg6 16. Bxg6 hxg6 17. Rfe1 Nc4 18. Nxc4 bxc4 19. Ne5 Ne4 20. Bd2 Kh7 21. Rb1 f6 22. Ng4 Kg8 23. f3 Nxd2 24. Qxd2 Kf7 25. Re2 Rfe8 26. Rbe1 Bf4 27. Qc2 Rab8 28. Qa4 Rb5 29. Qc2 Bg3 30. Rb1 Reb8 31. Ne3 Qb6 32. Nf1 Bf4 33. g3 Bc7 34. f4 Qa5 35. b3 Qa3 36. Nd2 a5 37. Rbe1 cxb3 38. axb3 Re8 39. Qd3 Rb6 1/2-1/2

[Event "NOR-ch Class2"]
[Site "Oslo"]
[Date "2015.07.09"]
[Round "7"]
[White "Folkvord, Svein"]
[Black "Lange, Holger"]
[Result "1-0"]
[WhiteElo "1668"]
[BlackElo "1596"]
[PlyCount "59"]
[EventDate "2015.07.04"]
[EventType "swiss"]
[EventRounds "9"]
[EventCountry "NOR"]
[SourceTitle "EXT 2017"]
[Source "ChessBase"]
[SourceDate "2016.10.25"]
[SourceVersion "1"]
[SourceVersionDate "2016.10.25"]
[SourceQuality "1"]

1. d4 Nf6 2. c4 e6 3. g3 c5 4. d5 d6 5. Bg2 exd5 6. cxd5 Be7 7. Nc3 0-0 8. e4 Re8 9. Nf3 Bg4 10. Qb3 Qc7 11. 0-0 Nbd7 12. Bf4 Bf8 13. Nd2 a6 14. a4 Ne5 15. Bxe5 Rxe5 16. Nc4 Ree8 17. f3 Bd7 18. a5 Rab8 19. f4 Bb5 20. Nxb5 axb5 21. Nd2 b4 22. Rae1 Qxa5 23. e5 Nd7 24. e6 Nf6 25. Bh3 Be7 26. exf7+ Kxf7 27. Be6+ Kf8 28. g4 Qc7 29. Qh3 g6 30. Qh6# 1-0

[Event "Follo CC-ch"]
[Site "Follo"]
[Date "2015.02.01"]
[Round "2"]
[White "Lange, Holger"]
[Black "Moberg, Jan Rune"]
[Result "1-0"]
[WhiteElo "1587"]
[BlackElo "1516"]
[PlyCount "91"]
[EventDate "2015.01.15"]
[EventType "swiss"]
[EventRounds "9"]
[EventCountry "NOR"]
[SourceTitle "EXT 2017"]
[Source "ChessBase"]
[SourceDate "2016.10.25"]
[SourceVersion "1"]
[SourceVersionDate "2016.10.25"]
[SourceQuality "1"]

1. e4 d6 2. d4 f5 3. Nc3 fxe4 4. Nxe4 Nd7 5. Bd3 Ndf6 6. Ng3 Bg4 7. Nf3 e6 8. h3 Bxf3 9. Qxf3 Be7 10. Qxb7 Nd7 11. Qe4 e5 12. dxe5 Nxe5 13. Bb5+ Kf8 14. Nf5 Nf6 15. Qe2 c6 16. Bd3 Nxd3+ 17. Qxd3 Qa5+ 18. Bd2 Qe5+ 19. Be3 Re8 20. 0-0-0 Nd5 21. Bd4 Qf4+ 22. Kb1 Rg8 23. Nxe7 Rxe7 24. Qc4 Qf5 25. Qxc6 Nb4 26. Qc4 Rb7 27. a3 d5 28. Qc5+ Kf7 29. g4 Qd7 30. axb4 Rc8 31. Qa5 Rb5 32. Qa3 a5 33. Bc5 axb4 34. Bxb4 Qb7 35. Qf3+ Kg8 36. c3 Ra8 37. Kc2 Rc8 38. Ba3 Qc6 39. Rd4 Qb6 40. Rhd1 Qg6+ 41. Qd3 Qa6 42. Rxd5 Qa4+ 43. Kc1 Qf4+ 44. Qd2 Qb8 45. Rxb5 Qxb5 46. Qd5+ 1-0

[Event "Follo op"]
[Site "Follo"]
[Date "2014.10.16"]
[Round "5"]
[White "Bakken, Svein Erik"]
[Black "Lange, Holger"]
[Result "1/2-1/2"]
[WhiteElo "1401"]
[BlackElo "1663"]
[PlyCount "53"]
[EventDate "2014.09.04"]
[EventType "swiss"]
[EventRounds "9"]
[EventCountry "NOR"]
[SourceTitle "EXT 2017"]
[Source "ChessBase"]
[SourceDate "2016.10.25"]
[SourceVersion "1"]
[SourceVersionDate "2016.10.25"]
[SourceQuality "1"]

1. d4 Nf6 2. c4 e6 3. Nc3 Bb4 4. Nf3 c5 5. Qc2 Nc6 6. dxc5 Bxc5 7. e3 0-0 8. Be2 d5 9. 0-0 dxc4 10. Bxc4 Qe7 11. a3 Bd7 12. b4 Bb6 13. Bb2 Rac8 14. Qb3 Bc7 15. Rfd1 Rfd8 16. Rd2 Bb8 17. Rad1 Be8 18. Be2 a6 19. g3 Rxd2 20. Rxd2 Rd8 21. Qd1 Rxd2 22. Qxd2 Qd7 23. Na4 Qxd2 24. Nxd2 Ne5 25. Nc5 Bc6 26. Ndb3 Ned7 27. h4 1/2-1/2

[Event "NOR-chT Clubs"]
[Site "Drammen"]
[Date "2010.10.09"]
[Round "4"]
[White "Lange, Holger"]
[Black "Syvertsen, Rolf Erik"]
[Result "1/2-1/2"]
[WhiteElo "1660"]
[BlackElo "1584"]
[PlyCount "36"]
[EventDate "2010.10.08"]
[EventType "team"]
[EventRounds "6"]
[EventCountry "NOR"]
[SourceTitle "EXT 2015"]
[Source "ChessBase"]
[SourceDate "2014.11.20"]
[SourceVersion "1"]
[SourceVersionDate "2014.11.20"]
[SourceQuality "1"]
[WhiteTeam "Follo"]
[BlackTeam "Tonsberg"]
[WhiteTeamCountry "NOR"]
[BlackTeamCountry "NOR"]

1. e4 e6 2. d4 d5 3. Nd2 Nf6 4. e5 Nfd7 5. f4 Be7 6. Bd3 c5 7. c3 Nc6 8. Ndf3 cxd4 9. cxd4 0-0 10. Ne2 f5 11. 0-0 Nb6 12. b3 Bd7 13. Bb2 Kh8 14. Qd2 Nb4 15. Bb1 Bb5 16. a3 Bxe2 17. Qxe2 Nc6 18. Bc2 Rc8 1/2-1/2

[Event "NOR-chT Clubs"]
[Site "Drammen"]
[Date "2010.10.09"]
[Round "3.42"]
[White "Lange, Holger"]
[Black "Torum, Arild"]
[Result "0-1"]
[WhiteElo "1660"]
[BlackElo "1571"]
[PlyCount "62"]
[EventDate "2010.10.08"]
[EventType "team"]
[EventRounds "6"]
[EventCountry "NOR"]
[SourceTitle "EXT 2015"]
[Source "ChessBase"]
[SourceDate "2014.11.20"]
[SourceVersion "1"]
[SourceVersionDate "2014.11.20"]
[SourceQuality "1"]
[WhiteTeam "Follo"]
[BlackTeam "SMPOAA"]
[WhiteTeamCountry "NOR"]
[BlackTeamCountry "NOR"]

1. e4 d5 2. exd5 Nf6 3. c4 e6 4. dxe6 Bxe6 5. Be2 Bc5 6. Nf3 Nc6 7. 0-0 Nd4 8. Nxd4 Qxd4 9. Nc3 0-0-0 10. d3 Qh4 11. Be3 Bd6 12. g3 Qh3 13. f4 h5 14. Bf3 h4 15. Bg2 Qf5 16. Qf3 c6 17. Bxa7 hxg3 18. hxg3 Ng4 19. Rfd1 Bc5+ 20. d4 Bxa7 21. c5 Bxc5 22. Qe4 Qxe4 23. Bxe4 Bxd4+ 24. Rxd4 Rxd4 25. f5 Bd5 26. Bxd5 cxd5 27. Rc1 Rc4 28. Rd1 Ne3 29. Rd3 d4 30. Nb5 Rc1+ 31. Kf2 Rf1+ 0-1

[Event "Montreal Mercredi 03"]
[Site "Montreal"]
[Date "2010.04.21"]
[Round "4"]
[White "Lange, Holger"]
[Black "Gates, Claude Eric"]
[Result "0-1"]
[WhiteElo "1728"]
[BlackElo "1744"]
[PlyCount "96"]
[EventDate "2010.03.31"]
[EventType "tourn"]
[EventRounds "5"]
[EventCountry "CAN"]
[SourceTitle "EXT 2013"]
[Source "ChessBase"]
[SourceDate "2012.11.22"]
[SourceVersion "1"]
[SourceVersionDate "2012.11.22"]
[SourceQuality "1"]

1. d4 Nf6 2. c4 e6 3. Nc3 Bb4 4. Qc2 0-0 5. Nf3 c5 6. e3 d5 7. Bd2 b6 8. a3 Bxc3 9. Bxc3 Nbd7 10. cxd5 Nxd5 11. Bd3 h6 12. 0-0 Bb7 13. Qe2 Nxc3 14. bxc3 Nf6 15. Rfd1 cxd4 16. cxd4 Nd5 17. Bc2 Rc8 18. Qd3 Nf6 19. Nd2 Qd5 20. f3 Rfd8 21. Bb3 Qg5 22. Rac1 Nd5 23. Rxc8 Rxc8 24. Bxd5 Qxd5 25. e4 Qd7 26. Nf1 Qa4 27. Rb1 Ba6 28. Qe3 Qc2 29. Ra1 Qb2 30. Rd1 Rc3 31. Qf2 Qxa3 32. Qe1 Bxf1 33. Kxf1 Qa6+ 34. Kf2 Qc4 35. Qe2 Kf8 36. Rd2 Ke7 37. d5 exd5 38. exd5+ Qxe2+ 39. Kxe2 Kd6 40. Ra2 Rc7 41. Rd2 Rc5 42. Ra2 Ra5 43. Rxa5 bxa5 44. Kd3 Kxd5 45. Kc3 g5 46. Kb3 Kd4 47. Ka4 Ke3 48. Kxa5 Kf2 0-1

[Event "Montreal Mercredi 03"]
[Site "Montreal"]
[Date "2010.04.14"]
[Round "3"]
[White "Zroud, Hicham"]
[Black "Lange, Holger"]
[Result "0-1"]
[WhiteElo "1789"]
[BlackElo "1728"]
[PlyCount "26"]
[EventDate "2010.03.31"]
[EventType "tourn"]
[EventRounds "5"]
[EventCountry "CAN"]
[SourceTitle "EXT 2013"]
[Source "ChessBase"]
[SourceDate "2012.11.22"]
[SourceVersion "1"]
[SourceVersionDate "2012.11.22"]
[SourceQuality "1"]

1. e4 Nf6 2. e5 Nd5 3. c4 Nb6 4. d4 d6 5. exd6 exd6 6. Nc3 Nc6 7. h3 Bf5 8. Nf3 Nb4 9. Be3 Nc2+ 10. Kd2 Nxa1 11. Qxa1 Be7 12. g4 Bg6 13. Bg2 Nxc4+ 0-1

[Event "Montreal Mercredi 03"]
[Site "Montreal"]
[Date "2010.03.31"]
[Round "1"]
[White "Rondon, Luciano"]
[Black "Lange, Holger"]
[Result "1/2-1/2"]
[WhiteElo "1793"]
[BlackElo "1728"]
[PlyCount "86"]
[EventDate "2010.03.31"]
[EventType "tourn"]
[EventRounds "5"]
[EventCountry "CAN"]
[SourceTitle "EXT 2013"]
[Source "ChessBase"]
[SourceDate "2012.11.22"]
[SourceVersion "1"]
[SourceVersionDate "2012.11.22"]
[SourceQuality "1"]

1. d4 Nf6 2. c4 e6 3. e3 d5 4. Nf3 Be7 5. Nc3 0-0 6. Bd3 b6 7. 0-0 Bb7 8. cxd5 exd5 9. Bd2 Nbd7 10. Rc1 Ne4 11. Qc2 Ndf6 12. Ne5 Rc8 13. Nb5 Nxd2 14. Qxd2 a6 15. Na7 Ra8 16. Nac6 Bxc6 17. Rxc6 Bd6 18. Qe2 Nd7 19. Rfc1 Bxe5 20. dxe5 Nc5 21. Bf5 Qe8 22. Rxc7 Qxe5 23. Qh5 g6 24. Bxg6 Qxh5 25. Bxh5 Rad8 26. Rd1 Rd6 27. g3 a5 28. Rd4 f5 29. Rh4 Ne6 30. Ra7 Ng7 31. Bf3 Rfd8 32. b4 d4 33. exd4 axb4 34. d5 Rc8 35. Rxb4 Rc3 36. Kg2 Rc5 37. Rb7 Ra5 38. R7xb6 Rxb6 39. Rxb6 Rxa2 40. d6 Rd2 41. Rb8+ Kf7 42. Rb7+ Kf6 43. d7 Ne6 1/2-1/2

[Event "Montreal Saturday op 02"]
[Site "Montreal"]
[Date "2010.03.10"]
[Round "4"]
[White "Dobrev, Martin"]
[Black "Lange, Holger"]
[Result "1-0"]
[WhiteElo "1846"]
[BlackElo "1746"]
[PlyCount "107"]
[EventDate "2010.02.17"]
[EventType "tourn"]
[EventRounds "5"]
[EventCountry "CAN"]
[SourceTitle "EXT 2011"]
[Source "ChessBase"]
[SourceDate "2010.11.26"]
[SourceVersion "1"]
[SourceVersionDate "2010.11.26"]
[SourceQuality "1"]

1. c4 e5 2. g3 Nc6 3. Bg2 g6 4. Nc3 Bg7 5. Nf3 Nge7 6. 0-0 0-0 7. Rb1 a5 8. b3 d6 9. h3 f5 10. e4 Be6 11. Ng5 Bd7 12. d3 Qc8 13. Nd5 h6 14. Nf3 Nxd5 15. cxd5 Ne7 16. h4 Rf7 17. Qc2 c6 18. Ba3 cxd5 19. Qxc8+ Rxc8 20. Bxd6 Bb5 21. Rfd1 fxe4 22. dxe4 Be2 23. Nxe5 Bxe5 24. Bxe5 Bxd1 25. Rxd1 Nc6 26. Bf4 dxe4 27. Bxe4 Kh7 28. h5 Re7 29. Bxg6+ Kg7 30. Rd5 Rd8 31. Rb5 Rd1+ 32. Kg2 Red7 33. Be4 a4 34. Rb6 axb3 35. axb3 Re7 36. Bf3 Rb1 37. Bd5 Rd1 38. Bxc6 bxc6 39. Rxc6 Rb1 40. b4 Rb7 41. Rg6+ Kf7 42. Rxh6 R1xb4 43. Rh7+ Kg8 44. Rxb7 Rxb7 45. g4 Rg7 46. g5 Rf7 47. Kg3 Kg7 48. Be5+ Kg8 49. f4 Rh7 50. Kg4 Rb7 51. g6 Rb6 52. Kg5 Rb5 53. h6 Rxe5+ 54. fxe5 1-0

[Event "Montreal Saturday op 02"]
[Site "Montreal"]
[Date "2010.03.03"]
[Round "3"]
[White "Lange, Holger"]
[Black "Zroud, Hicham"]
[Result "1/2-1/2"]
[WhiteElo "1746"]
[BlackElo "1731"]
[PlyCount "49"]
[EventDate "2010.02.17"]
[EventType "tourn"]
[EventRounds "5"]
[EventCountry "CAN"]
[SourceTitle "EXT 2011"]
[Source "ChessBase"]
[SourceDate "2010.11.26"]
[SourceVersion "1"]
[SourceVersionDate "2010.11.26"]
[SourceQuality "1"]

1. e4 e5 2. Nf3 Nc6 3. d4 exd4 4. Bc4 Nf6 5. Ng5 d5 6. exd5 Na5 7. Bb5+ Bd7 8. Bxd7+ Qxd7 9. Qxd4 Qxd5 10. Qe3+ Be7 11. 0-0 Nc6 12. Nc3 Qf5 13. Qe2 0-0 14. Nf3 Rfe8 15. Qb5 Qc8 16. Bg5 a6 17. Qc4 Qf5 18. Rac1 h6 19. Bh4 Rad8 20. Bg3 Bd6 21. Nh4 Qg4 22. Qxg4 Nxg4 23. Bxd6 Rxd6 24. Nf3 Nf6 25. Rcd1 1/2-1/2

[Event "Montreal Saturday op 01"]
[Site "Montreal"]
[Date "2010.01.20"]
[Round "3"]
[White "Gates, Claude Eric"]
[Black "Lange, Holger"]
[Result "1/2-1/2"]
[WhiteElo "1692"]
[BlackElo "1640"]
[PlyCount "67"]
[EventDate "2010.01.06"]
[EventType "tourn"]
[EventRounds "5"]
[EventCountry "CAN"]
[SourceTitle "EXT 2011"]
[Source "ChessBase"]
[SourceDate "2010.11.26"]
[SourceVersion "1"]
[SourceVersionDate "2010.11.26"]
[SourceQuality "1"]

1. c4 e5 2. g3 Nc6 3. Bg2 g6 4. Nc3 Bg7 5. e4 d6 6. Nge2 f5 7. d3 Nf6 8. Bg5 0-0 9. Qd2 Be6 10. 0-0 Qd7 11. Nd5 Rf7 12. Rac1 Nh5 13. f3 Raf8 14. b4 Nf6 15. a4 Ne7 16. b5 c6 17. Nxe7+ Rxe7 18. Kh1 Ref7 19. Be3 d5 20. exd5 cxd5 21. c5 d4 22. Bg1 Bd5 23. Rfe1 Rc8 24. Qa5 Rff8 25. Qb4 Rfe8 26. h3 Bf8 27. Nxd4 exd4 28. Bxd4 Nh5 29. Be5 Ng7 30. d4 Ne6 31. Qd2 Bb3 32. Qb4 Bd5 33. Qd2 Bb3 34. Qb4 1/2-1/2

[Event "Montreal Saturday op 01"]
[Site "Montreal"]
[Date "2010.01.06"]
[Round "1"]
[White "Pozdnyakov, Alexander"]
[Black "Lange, Holger"]
[Result "0-1"]
[WhiteElo "1707"]
[BlackElo "1640"]
[PlyCount "112"]
[EventDate "2010.01.06"]
[EventType "tourn"]
[EventRounds "5"]
[EventCountry "CAN"]
[SourceTitle "EXT 2011"]
[Source "ChessBase"]
[SourceDate "2010.11.26"]
[SourceVersion "1"]
[SourceVersionDate "2010.11.26"]
[SourceQuality "1"]

1. e4 c5 2. Nc3 e6 3. g3 Nc6 4. Bg2 g6 5. d3 Bg7 6. Be3 d6 7. Qd2 Qa5 8. Nge2 Bd7 9. 0-0 Nge7 10. a3 0-0 11. Bh6 Rfd8 12. Bxg7 Kxg7 13. h4 Nd4 14. h5 Nxe2+ 15. Qxe2 Nc6 16. Qg4 c4 17. dxc4 Ne5 18. Qf4 Nxc4 19. h6+ Kf8 20. e5 Nxe5 21. Ne4 Bc6 22. Ng5 Bxg2 23. Nxh7+ Ke7 24. Kxg2 Qd5+ 25. f3 Qc4 26. Qg5+ Kd7 27. b3 Qxc2+ 28. Rf2 Qf5 29. Nf6+ Kc7 30. Rc1+ Nc6 31. Qxf5 gxf5 32. b4 a6 33. h7 Rh8 34. Rd2 Rad8 35. Rc4 Kb6 36. Rh4 Ne5 37. Rhd4 d5 38. g4 fxg4 39. fxg4 Nd7 40. Nxd5+ exd5 41. Rxd5 Kc6 42. Rh5 Rde8 43. Rc2+ Kb6 44. Rf2 Ref8 45. Rd2 Kc7 46. g5 Ne5 47. Kg3 Ng6 48. Kg4 Rd8 49. Rf2 Kd6 50. Rf6+ Ke7 51. Kf5 Rd5+ 52. Ke4 Re5+ 53. Kd4 Re6 54. Rf5 Nf8 55. Kc5 Rxh7 56. g6 fxg6 0-1

[Event "Montreal Saturday op 11"]
[Site "Montreal"]
[Date "2009.12.16"]
[Round "5"]
[White "Dubois, Laurent"]
[Black "Lange, Holger"]
[Result "0-1"]
[WhiteElo "1566"]
[BlackElo "1614"]
[PlyCount "61"]
[EventDate "2009.11.18"]
[EventType "tourn"]
[EventRounds "5"]
[EventCountry "CAN"]
[SourceTitle "EXT 2011"]
[Source "ChessBase"]
[SourceDate "2010.11.26"]
[SourceVersion "1"]
[SourceVersionDate "2010.11.26"]
[SourceQuality "1"]

1. e4 c5 2. Nf3 Nc6 3. Nc3 d6 4. d4 cxd4 5. Nxd4 Nf6 6. Bb5 Bd7 7. 0-0 e6 8. Bg5 Be7 9. Re1 0-0 10. Qd2 h6 11. Bh4 Qb6 12. Rad1 Rfd8 13. b3 Rac8 14. Nxc6 Bxc6 15. Bxc6 Qxc6 16. Re3 Ng4 17. Rg3 Bxh4 18. Rxg4 Bf6 19. e5 Bxe5 20. Rc4 Qd7 21. Rxc8 Rxc8 22. Ne2 Rd8 23. c4 Qc6 24. Qa5 b6 25. Qd2 Bf6 26. h3 d5 27. cxd5 Rxd5 28. Qc1 Rc5 29. Qe3 Re5 30. Qc1 Qb7 31. Rd2 0-1

[Event "Regionalliga NW 0203"]
[Site "Bayern"]
[Date "2002.12.15"]
[Round "3.6"]
[White "Mueller, Lutz"]
[Black "Lange, Holger"]
[Result "1/2-1/2"]
[WhiteElo "1954"]
[BlackElo "1861"]
[PlyCount "114"]
[EventDate "2002.10.20"]
[EventType "team-tourn"]
[EventRounds "9"]
[EventCountry "GER"]
[SourceTitle "EXT 2004"]
[Source "ChessBase"]
[SourceDate "2003.11.25"]
[SourceVersion "1"]
[SourceVersionDate "2003.11.25"]
[SourceQuality "1"]
[WhiteTeam "Koenigshofen"]
[BlackTeam "Bayreuth"]
[WhiteTeamCountry "GER"]
[BlackTeamCountry "GER"]

1. d4 Nf6 2. Nf3 b6 3. e3 Bb7 4. Bd3 e6 5. Nbd2 Be7 6. b3 d5 7. Bb2 Nbd7 8. Qe2 c5 9. 0-0 0-0 10. Ne5 Qc7 11. f4 Rac8 12. a3 Bd6 13. Rac1 h6 14. Nxd7 Nxd7 15. c4 Rfe8 16. dxc5 bxc5 17. Qg4 Bf8 18. cxd5 exd5 19. Rf3 d4 20. Bxd4 Bxf3 21. gxf3 Qd6 22. Ne4 Qe6 23. Qxe6 fxe6 24. Bb2 Nb6 25. Ba6 Rcd8 26. Nxc5 Bxc5 27. Rxc5 Nd5 28. Bd4 Nxf4 29. Be5 Rd1+ 30. Kf2 Nd3+ 31. Bxd3 Rxd3 32. Rc7 Rxb3 33. Rxg7+ Kf8 34. Rxa7 Rc8 35. Rh7 Rc2+ 36. Kg3 Rxe3 37. Bd6+ Ke8 38. Rxh6 Kd7 39. Bb4 Ree2 40. h4 Rg2+ 41. Kf4 Rc4+ 42. Ke3 Rh2 43. Rh7+ Kc6 44. Re7 Kd5 45. Rd7+ Kc6 46. Rd6+ Kb5 47. Rxe6 Rhxh4 48. Re5+ Kc6 49. Re6+ Kd5 50. Rg6 Ke5 51. Rg5+ Kf6 52. Rg8 Kf7 53. Rf8+ Kg7 54. Re8 Kf7 55. Re4 Rcxe4+ 56. fxe4 Ke6 57. Kd4 Rh1 1/2-1/2